00536caa a22001332a 4500001000900000003001100009008004300020100002200063245010300085300001500188500008600203546001300289773010000302 005487 AR-FADEU 311216n########xxu####################dd aBowerman, Melissa aThe 'no negative evidence' problem : how do children avoid constructing an overly general grammar? aPP. 73-102 aEn: Explaining language universals /ed. John A. Hawkins. Oxford : Blackwell, 1988 aInglés0 011305abdOxfordo03032tEXPLAINING language universalsw( AR-FADEU) 005483xz0-631-17456-7